AFL CIO: Labor United (Record no. 224707)
[ view plain ]
| 000 -LEADER | |
|---|---|
| fixed length control field | 00629nam a22002177a 4500 |
| 005 - DATE AND TIME OF LATEST TRANSACTION | |
| control field | 20220930134615.0 |
| 008 - FIXED-LENGTH DATA ELEMENTS--GENERAL INFORMATION | |
| fixed length control field | 220930b ||||| |||| 00| 0 eng d |
| 040 ## - CATALOGING SOURCE | |
| Transcribing agency | AL |
| 041 ## - LANGUAGE CODE | |
| Language code of text/sound track or separate title | English |
| 082 ## - DEWEY DECIMAL CLASSIFICATION NUMBER | |
| Edition number | 23 |
| Classification number | 331.88097 |
| Item number | GOLA |
| 100 ## - MAIN ENTRY--PERSONAL NAME | |
| Personal name | Arthur J Goldberg |
| 100 ## - MAIN ENTRY--PERSONAL NAME | |
| 9 (RLIN) | 58874 |
| 245 ## - TITLE STATEMENT | |
| Title | AFL CIO: Labor United |
| 260 ## - PUBLICATION, DISTRIBUTION, ETC. | |
| Place of publication, distribution, etc. | New York |
| Name of publisher, distributor, etc. | McGraw Hill Book Company |
| Date of publication, distribution, etc. | 1956 |
| 300 ## - PHYSICAL DESCRIPTION | |
| Extent | xiii,319 p. |
| Dimensions | 21x14 cm. |
| 440 ## - SERIES STATEMENT/ADDED ENTRY--TITLE | |
| Title | McGraw-Hill Labor Management Series |
| 9 (RLIN) | 58875 |
| 650 ## - SUBJECT ADDED ENTRY--TOPICAL TERM | |
| Topical term or geographic name entry element | Labor unions |
| 9 (RLIN) | 58876 |
| 650 ## - SUBJECT ADDED ENTRY--TOPICAL TERM | |
| Topical term or geographic name entry element | AFL-CIO |
| 9 (RLIN) | 58877 |
| 650 ## - SUBJECT ADDED ENTRY--TOPICAL TERM | |
| Topical term or geographic name entry element | United States |
| 9 (RLIN) | 58878 |
| 700 ## - ADDED ENTRY--PERSONAL NAME | |
| Personal name | GOLDBERG (Arthur J) |
| 9 (RLIN) | 58879 |
| 942 ## - ADDED ENTRY ELEMENTS (KOHA) | |
| Source of classification or shelving scheme | Dewey Decimal Classification |
| Koha item type | George Fernandes Collections |
| Withdrawn status | Lost status | Source of classification or shelving scheme | Damaged status | Not for loan | Collection code | Home library | Current library | Date acquired | Total Checkouts | Full call number | Barcode | Date last seen | Price effective from | Koha item type |
|---|---|---|---|---|---|---|---|---|---|---|---|---|---|---|
| Dewey Decimal Classification | Economics | St Aloysius Library | St Aloysius Library | 03/23/2013 | 331.88097 GOLA | GF01922 | 09/30/2022 | 09/30/2022 | George Fernandes Collections |